Roman Empresses - Statistics

General Stats
  • This quiz has been taken 101 times
    99 since last reset
  • The average score is 24 of 61
Answer Stats
Answer % Correct
Flavia Julia Constantia
97%
Julia Aquilia Severa
95%
Julia Cornelia Paula
95%
Julia Cornelia Salonina
95%
Julia Domna
95%
Livia Drusilla
86%
Claudia Octavia
83%
Flavia Maximiana Theodora
79%
Annia Aurelia Faustina
76%
Annia Galeria Faustina Major
74%
Annia Galeria Faustina Minor
74%
Faustina
69%
Flavia Aurelia Eusebia
69%
Fausta Flavia Maxima
67%
Flavia Maxima Constantia
67%
Agrippina the Younger
66%
Flavia Galla
66%
Aelia Flavia Flaccilla
64%
Annia Aurelia Galeria Lucilla
59%
Poppaea Sabina
59%
Flavia Titiana
57%
Valeria Messalina
55%
Helena Constantia
50%
Gaia Cornelia Supera
47%
Galeria Valeria
45%
Vibia Sabina
45%
Aelia Galla Placidia
38%
Statilia Messalina
36%
Galla Placidia Valentiniana Minor
34%
Marcia Otacilia Severa
34%
Pompeia Plotina
34%
Valeria Maximilla
34%
Marina Severa
33%
Aelia Marcia Euphemia
31%
Annia Cupressenia Herennia Etruscilla
29%
Domitia Longina
28%
Galeria Fundana
26%
Caecilia Paulina
24%
Bruttia Crispina
19%
Lollia Paulina
19%
Maria (daughter of Stilicho)
17%
Publia Fulvia Plautilla
17%
Ulpia Severina
17%
Seia Herennia Sallustia Barbia Orbiana Augusta
16%
Eutropia
12%
Prisca
10%
Furia Sabinia Tranquillina
9%
Licinia Eudoxia
9%
Charito
7%
Milona Caesonia
7%
Minervina
7%
Justina
5%
Livia Orestilla
5%
Magnia Urbica
5%
Manlia Scantilla
5%
Nonia Celsa
3%
Thermantia (daughter of Stilicho)
2%
Afinia Gemina Baebiana
0%
Albia Dominica
0%
Julia Aquilia Severa
0%
Laeta
0%
No matching quizzes found
Score Distribution
Percent of People with Each Score
Percentile by Number Answered
Your Score History
You have not taken this quiz since the last reset